| 000 | 00991cam a2200253 i 4500 | ||
|---|---|---|---|
| 003 | SA-RiAUC | ||
| 005 | 20241002063615.0 | ||
| 008 | 240928s1996 le g 00000bara c | ||
| 040 |
_aSA-RiKSU _bara _cSA-RiAUC _erda |
||
| 082 | 0 | 4 | _a922.2 |
| 090 |
_a922.2 _bغ ا ل |
||
| 100 | 1 |
_aالغالي، بلقاسم _eمؤلف. |
|
| 245 | 1 | 0 |
_aشيخ الجامع الأعظم محمد الطاهر ابن عاشور : _bحياته وآثاره / _cتأليف بلقاسم الغالي. |
| 264 | 1 |
_aبيروت : _bدار ابن حزم، _c[1996] |
|
| 300 |
_a264 صفحة ؛ _c24 سم. |
||
| 336 |
_aنص _btxt _2rdacontent _3كتاب |
||
| 337 |
_aبدون وسيط _bn _2rdamedia |
||
| 338 |
_aمجلد _bnc _2rdacarrier |
||
| 440 | 0 | _aمن أعلام الزيتونة | |
| 600 | 1 | 7 |
_aبن عاشور، محمد الطاهر، _d1296-1393 هجري _2aucnm |
| 650 | 7 |
_aالفقهاء التونسيون _vتراجم _2aucsh |
|
| 942 |
_2ddc _cBOOK _n0 |
||
| 949 |
_aSA-JeALM _d240928 _umohamedma123 _n1 |
||
| 999 |
_c761 _d761 |
||